000 00342nam a22001457a 4500
003 SGT
082 _a515.53
_bY22S
100 _aSHARMA, SHREE RAM
245 _aYAJURVEDA SAMHITA
260 _aMATHURA
_bYUG NIRMAN YOJNAA VISTAR TRUST
_c2022
300 _a432
650 _aAYURVEDA
653 _aYAJURVEDA , VED, SAMHITA
942 _2ddc
_cBK
999 _c32267
_d32267